00328nam a2200133Ia 4500003000900000008004100009040001300050040001300063100002000076245006300096260002100159300000800180490000600188IT-RoPAU120407s9999 xx 000 0 und d aIT-RoPAU cIT-RoPAU aJean Guy Pagé aPrimavera della Chiesa. Ecclesiologia del Nuovo Testamento aEdizioni Paoline c cm v1